| 000 | 00846nam a2200229 a 4500 | ||
|---|---|---|---|
| 005 | 20060818091510.0 | ||
| 008 | 050907s2005 ii av 000 0 eng | ||
| 010 | _aENG-93247 | ||
| 020 |
_c120.00 _a9788189840488 |
||
| 035 | _aEN-76780 | ||
| 037 | _bDBAD / PUB | ||
| 040 |
_adpl _bEnglish |
||
| 082 | _a005.133 | ||
| 100 | _aVenkatachalam, M. | ||
| 245 |
_aBasics of C programming / _cby M. Venkatachalam |
||
| 260 |
_aErode _bPallavi Pathaippagam S. India _c2008 |
||
| 270 |
_a194, Kanna Complex, Mettur Road, _bErode _e11 |
||
| 300 |
_a267p. _c20 cm (pbk) |
||
| 650 | _aC (Computer program language). | ||
| 942 |
_2ddc _cEN _mVEN _h005.133 |
||
| 999 |
_c25377 _d25377 |
||